000 01103nam a22001697a 4500
005 20251202151746.0
020 _a9789353506247
082 _a519.2 DEV
100 _aJay Devore
_91173
245 _aProbability and Statistics for Engineering and the Sciences_9th Edition
250 _a9
260 _aCengage
_bNew Delhi
_c2025
300 _a768
_bItem Weight ‏ : ‎ 451 g Dimensions ‏ : ‎ 20 x 14 x 4 cm
520 _aThis market-leading text provides a comprehensive introduction to probability and statistics for engineering students in all specialties. Proven, accurate and lauded for its excellent examples, PROBABILITY AND STATISTICS FOR ENGINEERING AND THE SCIENCES, 8e, evidences Jay Devore's reputation as an outstanding author and leader in the academic community. Devore emphasizes concepts, models, methodology and applications as opposed to rigorous mathematical development and derivations. Aided by his lively and realistic examples, students go beyond simply learning about statistics?they also learn how to put statistical methods to use.
650 _aAPD
_91160
942 _cBK
999 _c38069
_d38069